00466 2200193 4500001002100000005001500021008004100036020002200077035001900099041000700118082000800125090001400133100001300147245002100160260003000181300002900211500001000240650002200250INLIS00000000000307420241224112644241224||||||||| | ||| |||| || |  a978-979-066-923-9 0010-1224003074 aid0 a813 a813 AMA a0 aAmalinda00aAksi Seru Bizass aBandungbDar! Mizanc2012 a92 hlm. : ilus, ; 20 cm. aCet.1 0aIlmu Kesusastraan